01060nam a2200289 a 450000100060000000300080000600500170001400800410003102000280007202000280010002000280012802000280015602000280018403500190021204000320023104100080026308200240027124500780029525000120037326000370038530000190042250400400044150502070048165000250068865100410071370000160075462572BD-RjUL20211209081111.0170124s2003 nyu b 000 0 eng d a0393978982 (pbk.) (V-C) a0393978990 (pbk.) (V-A) a0393979008 (pbk.) (V-D) a0393979059 (pbk.) (V-B) a0393979016 (pbk.) (V-E) a(BD-RjUL)62698 aDLCcDLCdDLCdBD-RjULbeng aeng00a810.8223bNOR 200304aThe Norton anthology of American literature /cNina Baym, general editor. a6th ed. aNew York :bW.W. Norton,cc2003. a5 v. ;c24 cm. aIncludes bibliographical references1 av. A. Literature to 1820 -- v. B. American literature, 1820-1865 -- v. C. American literature, 1865-1914 -- v. D. American literature between the wars, 1914-1945 -- v. E. American literature since 1945. 0aAmerican literature. 0aUnited StatesvLiterary collections.1 aBaym, Nina.